Another Life - Motionless in White - Statistics

General Stats
  • This quiz has been taken 23 times
    21 since last reset
  • The average score is 241 of 277
Answer Stats
ᥫ᭡. % Correct
a
100%
and
100%
And
100%
another
100%
but
100%
But
100%
go
100%
go)
100%
hope
100%
I
100%
(I
100%
in
100%
is
100%
Is
100%
it
100%
late
100%
let
100%
life
100%
me
100%
meet
100%
my
100%
of
100%
see
100%
that
100%
to
100%
too
100%
We
100%
we
100%
where
100%
Where
100%
you
100%
your
100%
can't
88%
close
88%
don't
88%
eyes
88%
ghost
88%
hate
88%
hear
88%
If
88%
knew
88%
left
88%
like
88%
love
88%
need
88%
not
88%
on
88%
still
88%
the
88%
The
88%
up
88%
was
88%
were
88%
we're
88%
what's
88%
won't
88%
alone
75%
As
75%
bleeding
75%
both
75%
broken
75%
casualty
75%
cost
75%
divide?
75%
echo
75%
enemy
75%
enough
75%
fiction
75%
For
75%
for
75%
gave
75%
had
75%
haunt
75%
heart
75%
lies
75%
made
75%
melody
75%
memory
75%
never
75%
Now
75%
now
75%
only
75%
our
75%
seemed
75%
through
75%
time
75%
truth
75%
when
75%
will
75%
apart
63%
box
63%
compose
63%
could
63%
darkness
63%
fall,
63%
fall
63%
finest
63%
here
63%
keeps
63%
most
63%
name
63%
notes
63%
out's
63%
page
63%
pain
63%
play
63%
playing
63%
rest
63%
shaped
63%
there
63%
way
63%
work
63%
candle
50%
insanity?
50%
plead
50%
said
50%
hurt
38%
With
38%
Cause
25%
Yeah
25%
stain
13%
No matching quizzes found
Score Distribution
Percent of People with Each Score
Percentile by Number Answered
Your Score History
You have not taken this quiz since the last reset